000
00291nam a2200133Ia 4500
100
_a
Hunt/Roger/ Shelley/J
942
_c
BK
654
_a
computer
245
_a
Computer And Commonsense
260
_b
prentice hall
_a
New Delhi
_c
1987
082
_a
1.6
300
_a
175
546
_a
ENGLISH
999
_c
34090
_d
34090